| 000 | 00678cab a2200265 4500 | ||
|---|---|---|---|
| 001 | ABS60274 | ||
| 008 | 090401t1998 xxu||||| |||| 00| 0 eng d | ||
| 035 | _a(Sirsi) u92203 | ||
| 041 | _aeng | ||
| 245 | _aCost model update | ||
| 260 | _c1998 | ||
| 350 | _a0 | ||
| 490 |
_aBuilding _v264(8078) 12 March 1998, 76-83(8) |
||
| 650 | _aBUILT ENVIRONMENT-BUILDING COSTS | ||
| 650 | _aBUSINESS PARKS | ||
| 650 | _aCOST MODEL | ||
| 650 | _aCOST PLANNING | ||
| 650 | _aDAVIS LANGDON & EVEREST | ||
| 650 | _aHOTEL BUILDINGS | ||
| 650 | _aOFFICE BUILDINGS | ||
| 650 | _aSUPERMARKETS | ||
| 690 | _aBUILT ENVIRONMENT-BUILDING COSTS | ||
| 942 | _n0 | ||
| 948 | _c18/03/1999 | ||
| 999 |
_c58459 _d58459 |
||